| 000 | 00331 a2200121 4500 | ||
|---|---|---|---|
| 245 |
_aHarvest of thorns _hprint |
||
| 020 | _a0908311184 | ||
| 005 | 20191021095342.0 | ||
| 260 |
_arh _bBaobab Books _c1989 |
||
| 084 | _aMLCS 89/13641 (P) | ||
| 300 |
_a277 p. : ill. _b 21 cm. _c277 p. : ill. ; 21 cm. |
||
| 500 | _aShimmer Chinodya. | ||
| 999 |
_c12134 _d12134 |
||